01997cam a22004334i 4500003000900000005001700009008004100026020001500067035002700082040003300109049000900142082001900151100003500170245006700205264006400272300003800336336002100374337002500395338002300420505033700443526000900780526000900789526000800798526000800806526000800814526000800822630006300830630005300893630003500946650003800981910001801019942001401037949012601051994001401177596000601191999015201197980005501349952015901404PE-LiUPU20250731175645.0150616s r 000 0 d a0664254071 a(Sirsi) i9780664254070 aPE-LiUPUbspacPE-LiUPUerda aPRUA04a492.4bL542211 aLevenson, Jon Douglas,eautor.14aThe Hebrew Bible, the Old Testament, and Historical Criticism. 1aLouisville, Kentucky :bWestminster/John Knox Press,c1993. a188 páginas ;c23 centímetros atext2rdacontent aunmediated2rdamedia avolume2rdacarrier0 aThe Hebrew bible, the Old Testament, and historical criticism -- Why Jews are not interested in biblical theology -- The eighth principle of judaism and the literary simultaneity of scripture -- Theological consensus or historicist evasion? -- Historical criticism and the fate of the enlightenment project -- Exodus and liberation. aP145 aP127 aP97 aP35 aP14 aP07 aBiblia.pA.T.xCríitica, interpretation, etc., Judíos. aBiblia.pA.T.xCrítica, interpretación, etc. aBiblia.pA.T.xHermenéutica.04aCrítica Historica (Literatura). ajckbjvqcjck 2ddccBOOK a492.4 L54wDEWEYc1i40238lCCODEBUL1mBULr0sYtBOOKu2015-6-16xTEOLOGIAzUNKNOWN0COMPRAo.STAFF. Colección General aC0bPEPRU a1 a492.4 L54wDEWEYc58037i40238f2021-11-11g5lCCODEBUL1mBULr0sYtBOOKu2015-6-16xTEOLOGIAzUNKNOWN0COMPRAo.STAFF. Colección Generald58037 81gALBERTO SANCHEZ Responsable de Automatización r2025-12-02 00:00:00i6l0o492.4 L54p40238te1w2015-06-16xFACIHEDyBKzinventario-2023-12-13102ddc50708GENfP14aBULbBULcGENd2015-06-16eCOMPRA